Statistics for Countries with the Most College Graduates

Click here to take the quiz!

General Stats

  • This quiz has been taken 246 times
  • The average score is 12 of 16

Answer Stats

HintAnswer% Correct
40.3%United States
100%
31.8%United Kingdom
96%
48.3%Canada
95%
41%Japan
89%
33.7%Australia
81%
34.2%Norway
80%
34.6%Korea
74%
32.2%Denmark
73%
36.4%Finland
73%
41%New Zealand
70%
32.2%Ireland
68%
54%Russia
68%
31.3%Switzerland
68%
32.1%Belgium
60%
43.6%Israel
35%
33.3%Estonia
28%

Score Distribution

Percentile by Number Answered

Percent of People with Each Score

Your Score History

You have not taken this quiz